000 00714nam a2200241 i 4500
001 11751
003 ES-MaACL
005 20250813062709.0
007 t|
008 960102s1995 sp |||| | spa d
020 _a84-206-3279-1
080 _a008(460.27 M.)"17/19"
100 1 _aEspina, Antonio,
_d1894-1972
_947833
245 1 4 _aLas tertulias de Madrid /
_cAntonio Espina ; edición de Óscar Ayala.
260 _aMadrid :
_bAlianza Editorial,
_c[1995]
300 _a265 p ;
_c20 cm.
490 1 _aAlianza tres ;
_v279
651 4 _aMadrid-
_xVida intelectual.
_9161508
700 1 _aAyala, Oscar.
_924121
830 0 0 _aAlianza tres
_v279
_9177344
852 _aES-MaACL
_jL-19076
999 _c11751
_d11751